Paroles - Columbine - C'est pas grave - Statistiques

Statistiques générales
  • Ce quiz a été pris 76 fois
  • Le résultat moyen est 271 sur 315
Statistiques - réponses
Réponse % Correct
grave,
100%
grave
100%
pas
100%
pas,
100%
c'est
98%
C'est
98%
Non,
97%
Non
97%
non
97%
(non)
97%
le
93%
là,
92%
92%
la
92%
est
90%
On
90%
on
90%
par
90%
frelon,
88%
mon
86%
passé
86%
à
85%
de
85%
inséparables
85%
jamais,
85%
jamais
85%
les
85%
te
85%
Te
85%
un
85%
ne
83%
83%
plus
83%
Tout
83%
vous
83%
comme
81%
croyait
81%
Si
81%
dans
80%
une
80%
l'monde
78%
t'es
78%
du
76%
je
76%
Je
76%
nous
76%
son
76%
Ils
75%
que
75%
visage
75%
vrai
75%
bon
73%
côté
73%
montrera
73%
paysage
73%
Qui
73%
rivage
73%
d'accord
71%
animal
69%
déjà
69%
deux
69%
j'ai
69%
leur
69%
parages
69%
table
69%
ton
69%
cherche
68%
chercheur
68%
cœur
68%
Fausse
68%
fort,
68%
j'suis
68%
mis
68%
s'est
68%
Sur
68%
t'as
68%
traitent
68%
vérité,
68%
vie
68%
d'or,
66%
instru'
66%
j'veux
66%
mirage
66%
mort
66%
t'aime
66%
Tant
66%
vue
66%
corps
64%
Fuck,
64%
irréparable
64%
mène
64%
uppercut
64%
crochet
63%
j'rigole,
63%
tromper
63%
m'asseoir
61%
mensonge
61%
quiero,
61%
superflue
59%
Bonheur
56%
mets
54%
J'leur
51%
J'vis
47%
oui,
24%
Aucun quiz correspondant
Distribution des résultats
% des personnes avec chaque résultat
Percentile par nombre de réponses
Votre historique - résultats
Vous n’avez pas pris ce quiz